000 00810nam a2200217Ia 4500
003 OSt
005 20211026164948.0
008 210310q2009 eu ad fr 000 0 spa d
040 _aCO-JMCR
_cCO-JMCR
041 0 _aspa
082 0 4 _a338.98 /
_bB213d
_223
110 2 _aBanco Mundial
_95980
245 1 0 _aDel colapso global a la recuperación :
_bajuste económico y perspectivas de crecimiento para América Latina y el Caribe /
_cBanco Mundial
260 _aWashington D.C. :
_cBanco Mundial,
_b[2009]
300 _a54 páginas :
_bilustraciones y gráficas a color ;
_c28 cm.
500 _aIncluye notas a pie de página.
504 _aBibliografía: páginas 53-54
650 1 4 _aAjuste económico
_917836
_zAmérica Latina
650 2 4 _aCrecimiento económico
_zAmérica Latina
_914479
942 _2ddc
_cBK
999 _c8632
_d8632